| 000 | 01064pam a2200277 a 4500 | ||
|---|---|---|---|
| 999 |
_c6644 _d6644 |
||
| 001 | 2490056 | ||
| 003 | OSt | ||
| 005 | 20200218105115.0 | ||
| 008 | 920218s1994 caua b 001 0 eng | ||
| 010 | _a 91067871 | ||
| 020 |
_a0935702725 (cloth : acidfree paper) : _c$40.00 |
||
| 020 |
_a0935702733 (paper : acidfree paper) : _c$30.00 |
||
| 040 |
_aDLC _cDLC _dDLC |
||
| 082 | 0 | 0 |
_a572.51 _220 _bLIP 1994 |
| 100 | 1 |
_aLippard, Stephen J. _913668 |
|
| 245 | 1 | 0 |
_aPrinciples of bioinorganic chemistry / _cStephen J. Lippard, Jeremy M. Berg. |
| 246 | 3 | 0 | _aBioinorganic chemistry |
| 260 |
_aMill Valley, Calif. : _bUniversity Science Books, _c1994. |
||
| 300 |
_axvii, 411 p. : _bcol.ill ; _c26 cm. |
||
| 504 | _aIncludes bibliographical references and index. | ||
| 650 | 0 |
_aBioinorganic chemistry. _93975 |
|
| 700 | 1 |
_aBerg, Jeremy M. _q(Jeremy Mark), _d1958- _91706 |
|
| 906 |
_a7 _bcbc _corignew _d3 _eopcn _f19 _gy-gencatlg |
||
| 942 |
_2ddc _cO_SHELF |
||